Projektovanie výrobných systémov /
Uložené v:
| Hlavní autori: | , , |
|---|---|
| Médium: | Kniha |
| Jazyk: | Slovak |
| Vydané: |
Bratislava :
Alfa,
1991
|
| Vydanie: | 1. vyd. |
| Edícia: | Edícia strojárskej literatúry
|
| Témy: | |
| ISBN: |
8005007094 (viaz.) |
| Fyzický popis: |
255 s. |
| Tagy: |
Pridať tag
Žiadne tagy, Buďte prvý kto otaguje tento záznam!
|
Titul je dostupný aj v ... 

MARC
| LEADER | 00000nam a2200000 a 4500 | ||
|---|---|---|---|
| 001 | 000014101 | ||
| 005 | 20051128124556.0 | ||
| 008 | 050805s1991 xo e 000 0 sloo | ||
| 020 | |a 8005007094 (viaz.) | ||
| 040 | |a SVKKK |b slo |c SVKKK |e AACR2 | ||
| 041 | 0 | |a slo | |
| 044 | |a xo |c SK | ||
| 100 | 1 | |a Kováč, Milan, |d 1946- |4 aut | |
| 245 | 1 | 0 | |a Projektovanie výrobných systémov / |c Kováč Milan, Buda Ján, Šimšík Dušan |
| 250 | |a 1. vyd. | ||
| 260 | |a Bratislava : |b Alfa, |c 1991 | ||
| 300 | |a 255 s. | ||
| 440 | 0 | |a Edícia strojárskej literatúry | |
| 655 | 7 | |a učebnice vysokých škôl |2 SVKKKPH | |
| 700 | 1 | |a Buda, Ján, |d 1926- |4 aut | |
| 700 | 1 | |a Šimšík, Dušan, |d 1950- |4 aut | |
| 919 | |a 80-05-00709-4 | ||
| 998 | |a BK | ||
| 090 | |g SCKHL |k Sklad |a IV.158807 |j 824705 |i 2720012544 |s Absenčne | ||
| 090 | |g SCKHL |k Sklad Pribinova prízemie |a IV.158797 |j 824695 |i 2720106643 |s Absenčne | ||
| 090 | |g SCKHL |k Sklad Pribinova prízemie |a IV.158798 |j 824696 |i 2720157836 |s Absenčne | ||
| 090 | |g SCKHL |k Sklad Pribinova prízemie |a IV.158799 |j 824697 |i 2720177028 |s Absenčne | ||
| 090 | |g SCKHL |k Sklad Pribinova prízemie |a IV.158800 |j 824698 |i 2720205357 |s Absenčne | ||
| 090 | |g SCKHL |k Sklad Pribinova prízemie |a IV.158801 |j 824699 |i 2720175684 |s Absenčne | ||
| 090 | |g SCKHL |k Sklad Pribinova prízemie |a IV.158802 |j 824700 |i 2720205183 |s Absenčne | ||
| 090 | |g SCKHL |k Sklad Pribinova prízemie |a IV.158803 |j 824701 |i 2720259100 |s Absenčne | ||
| 090 | |g SCKHL |k Sklad Pribinova prízemie |a IV.158804 |j 824702 |i 185218-80 |s Absenčne | ||
| 090 | |g SCKHL |k Sklad Pribinova prízemie |a IV.158805 |j 824703 |i 2720091623 |s Absenčne | ||
| 090 | |g SCKHL |k Sklad Pribinova prízemie |a IV.158806 |j 824704 |i 2720261137 |s Absenčne | ||
| 090 | |g SCKHL |k Sklad Pribinova prízemie |a IV.161116 |j 840124 |i 2720136328 |s Absenčne | ||
| 090 | |g SCKHL |k Sklad Pribinova prízemie |a IV.161117 |j 840125 |i 2720172953 |s Absenčne | ||
| 090 | |g SCKHL |k Sklad Pribinova prízemie |a IV.161118 |j 840126 |i B19774 |s Absenčne | ||
| 090 | |g SCKHL |k Sklad Pribinova prízemie |a IV.161119 |j 840127 |i 2720259634 |s Absenčne | ||
| 090 | |g SCKHL |k Sklad Pribinova prízemie |a IV.161120 |j 840128 |i 2720275582 |s Absenčne | ||